000 00337nam a2200145Ia 4500
008 230312s9999||||xx |||||||||||||| ||und||
020 _a1-4027-5265-0
082 _a720.19
_bJOH-H
100 _aJohnson; Marquetta
245 0 _aHand-Dyed Quilts
260 _bSterling
_aLondon
300 _a144
650 _aArchitecture
942 _cBK
999 _c11605
_d11605